La gran conquista de Ultramar: que mando escribir el rey Don Alfonso el Sabio
Guardat en:
| Autor principal: | |
|---|---|
| Format: | Llibre |
| Idioma: | espanyol |
| Publicat: |
Madrid
Atlas
1951
|
| Col·lecció: | Biblioteca de Autores Españoles, 44
|
| Matèries: | |
| Etiquetes: |
Afegir etiqueta
Sense etiquetes, Sigues el primer a etiquetar aquest registre!
|
MARC
| LEADER | 00000nam a2200000 a 4500 | ||
|---|---|---|---|
| 001 | UCX5583 | ||
| 003 | CL-VaPUC | ||
| 008 | 921127e19510000SP |||||||||||||||||spa|d | ||
| 082 | 0 | 4 | |a 946 |b GAY |2 21 |
| 100 | |a Gayangos, Pascual de |e author |9 515122 | ||
| 245 | 1 | 3 | |a La gran conquista de Ultramar: que mando escribir el rey Don Alfonso el Sabio |
| 300 | |a 683 p | ||
| 942 | |c BK | ||
| 945 | |d 19921127 00:00:00 | ||
| 260 | |a Madrid |b Atlas |c 1951 | ||
| 650 | 0 | |a Historia |9 255047 | |
| 651 | 0 | |a España |9 254926 | |
| 583 | |a last modification |c 19921127 00:00:00 |k Rodrigo Vera | ||
| 490 | 0 | |a Biblioteca de Autores Españoles, 44 | |
| 999 | |c 225798 |d 225796 | ||
| 952 | |0 0 |1 0 |4 0 |6 946_000000000000000_GAY_1951 |7 0 |8 A |9 223623 |a FDOPOS |b FDOPOS |d 2019-11-15 |i 2924560 |o 946 GAY 1951 |p 2924560 |r 2025-01-22 |w 2019-11-15 |y BK |k MLH | ||